| 000 | 00583nam a2200229 a 4500 | ||
|---|---|---|---|
| 001 | 62252 | ||
| 003 | BD-RjUL | ||
| 005 | 20211209081048.0 | ||
| 008 | 170123s1977 e a|||| |||| 00| 0 eng d | ||
| 020 | _a0673104419 | ||
| 035 | _a(BD-RjUL)62378 | ||
| 040 |
_aBD-RjUL _beng _cBD-RjUL |
||
| 041 | _aeng | ||
| 082 |
_a418.4 _bNIL1977 _223 |
||
| 100 |
_aNiles, Olive S. _9185170 |
||
| 245 | 1 | 0 |
_aLatitude / _cOlive S. Niles |
| 260 |
_aGlenview, IL : _bScott Foresman, _cc1977 |
||
| 300 |
_aV : _bill. ; _c23 cm. |
||
| 505 | 0 | _aVol. 1 -- | |
| 650 |
_aReading _9185171 |
||
| 942 |
_2ddc _cBK |
||
| 999 |
_c62252 _d62252 |
||